000 00674nam a22002177a 4500
003 OSt
005 20251210052919.0
008 251210b |||||||| |||| 00| 0 eng d
020 _a9780749460013
040 _aDWCL - Main Lib
_cOC
082 _22nd ed.
_aProf. 650.13 B622d 2010
100 _aBishop, Sue
245 _aDevelop your assertiveness /
_cSue Bishop
260 _aLondon:
_bKogan Page,
_cc2010.
300 _avi, 132 pages :
_billustration ;
_c22 cm.
650 _a1. Assertiveness (Psychology)
650 _a2. Assertiveness training
650 _a3. Interpersonal relations
650 _a4. Organizational behavior
942 _2ddc
_cPROF.
_e2nd ed.
_mProf.
_n0
999 _c7018
_d7018